000 nam a22 7a 4500
999 _c9359
_d9359
008 180129b ||||| |||| 00| 0 eng d
100 _aPuri S K
_91908
245 _aScience and Technology - VIII
260 _aDelhi
_bJiwan Publication